000 00635nam a2200229Ia 4500
003 OSt
005 20220928121843.0
006 a|||||r|||| 00| 0
007 ta
008 220927b |||||||| |||| 00| 0 eng d
024 _a50643
037 _cTextual
040 _aSDCL
_cSDCL
_beng
041 _2eng
_aeng
082 _aV4:6'N6, K7
100 _aMcnelly Theodore
_9454468
245 0 _aSource in modern east Asian History and Politics
260 _aNew York
_b Appleton-Century-Crofts
_c1967
300 _axiii,422p
_ccm.
942 _hV4:6'N6, K7
_cTEXL
_2CC
999 _c768223
_d768223